000 01342nam a2200241 a 4500
001 015537616
008 190711s2002 ||||||||||||||||| || u
020 _a9780750651318
050 _aTL 250 Hei
100 _aHeisler, Heinz
245 1 0 _aAdvanced vehicle technology. (2nd edition)
_cBy Heinz Heisler
250 _a2nd edition
260 _aOxford
_bButterwoorth-Heinemann
_c2002
300 _aix, 654 pages : illustrations
350 _a50.52
500 _aIncludes index.
650 0 _aAUTOMOBILES--DESIGN AND CONSTRUCTION
995 _aMAIN LIBRARY OPEN ACCESS
_e749335
_FCBU-MAIN LIBRARY (Kitwe)
_I50.52
_jTL 250 Hei
_M2
_UAVAILABLE
_WJul 11, 2019
_y749335
_ZMain Library Open Access Collection
995 _aMAIN LIBRARY OPEN ACCESS
_e749336
_FCBU-MAIN LIBRARY (Kitwe)
_I50.52
_jTL 250 Hei
_M3
_UAVAILABLE
_WJul 11, 2019
_y749336
_ZMain Library Open Access Collection
995 _aMAIN LIBRARY OPEN ACCESS
_e749337
_FCBU-MAIN LIBRARY (Kitwe)
_I50.52
_jTL 250 Hei
_M4
_UAVAILABLE
_WJul 11, 2019
_y749337
_ZMain Library Open Access Collection
995 _aSHORT LOAN BOOKS
_e750108
_FCBU-MAIN LIBRARY (Kitwe)
_I50.52
_jTL 250 Hei
_M5
_UAVAILABLE
_WNov 26, 2019
_y750108
_ZShort Loan Collection
995 _aMAIN LIBRARY OPEN ACCESS
_e749334
_FCBU-MAIN LIBRARY (Kitwe)
_I50.52
_jTL 250 Hei
_M1
_UAVAILABLE
_WJul 11, 2019
_y749334
_ZMain Library Open Access Collection
999 _c83732
_d83732